Note sur les plans et échantillons minéralogiques et paléontologiques exposés / (Record no. 189400)

MARC details
000 -LEADER
campo de control de longitud fija 00907nam a2200181 i 4500
001 - NÚMERO DE CONTROL
campo de control 189400
003 - IDENTIFICADOR DE NÚMERO DE CONTROL
campo de control ES-MaACL
005 - FECHA Y HORA DE LA ÚLTIMA TRANSACCIÓN
campo de control 20230906223450.0
008 - DATOS DE LONGITUD FIJA--INFORMACIÓN GENERAL
campo de control de longitud fija 190530s1878 sp |||| | fre d
100 1# - ENTRADA PRINCIPAL--NOMBRE DE PERSONA
Nombre de persona Piquet, Alfonso.
9 (RLIN) 131180
245 10 - MENCIÓN DEL TÍTULO
Título Note sur les plans et échantillons minéralogiques et paléontologiques exposés /
Mención de responsabilidad, etc. par Alphonse Piquet.
260 ## - PUBLICACIÓN, DISTRIBUCIÓN, ETC.
Lugar de publicación, distribución, etc. Madrid :
Nombre del editor, distribuidor, etc. [s.n.],
Fecha de publicación, distribución, etc. 1878 (
Fabricante Imp. y fund. de la Viuda e Hijos de J. A. García)
300 ## - DESCRIPCIÓN FÍSICA
Extensión 23 p. ;
Dimensiones 23 cm.
594 ## - Nota al título y mención de responsabilidad
Nota al título y mención de responsabilidad Precede al tít.: Exposition Universelle de Paris de 1878.
610 24 - PUNTO DE ACCESO ADICIONAL DE MATERIA--NOMBRE DE ENTIDAD CORPORATIVA
Nombre de entidad corporativa o nombre de jurisdicción como elemento de entrada Minas del Horcajo (Ciudad Real)
9 (RLIN) 134685
711 2# - ENTRADA AGREGADA--NOMBRE DE REUNIÓN
Nombre de congreso/reunión o jurisdicción como elemento de entrada Exposition Universelle (
Fecha del congreso o de la firma del tratado 1878.
Sede del congreso/Lugar de la reunión Paris)
9 (RLIN) 135143
852 ## - LOCALIZACIÓN
Ubicación ES-MaACL
Número de control de estantería B-8927(11)
Nota libre .-- Legado de Federico de Botella y de Hornos
-- .- Encuadernado en un vol. facticio agrupado con el nombre en el lomo: España, geología, memorias y documentos varios 41 al 56
-- .- Ded. ms. del autor
Holdings
Estatus retirado Estado de pérdida Estado de daño No para préstamo Colección Biblioteca de origen Biblioteca actual Ubicación en estantería Fecha de adquisición Fuente de adquisición Total de préstamos Signatura topográfica completa Código de barras Visto por última vez Precio de reemplazo Tipo de ítem Koha
        Libros del s. XIX Biblioteca del Ateneo de Madrid Biblioteca del Ateneo de Madrid Sala Pardo Bazán 30/05/2019     B-8927(11) 1200672 23/02/2023 23/02/2023 Libro impreso antiguo